[Event "Niedersachsen-ch"]
[Site "Verden an der Aller"]
[Date "2020.01.05"]
[Round "7"]
[White "Balazs, Kata"]
[Black "Santos, Jose"]
[Result "1/2-1/2"]
[WhiteElo "1624"]
[BlackElo "1771"]
[PlyCount "81"]
[EventDate "2020.01.02"]
[EventType "swiss"]
[EventRounds "7"]
[EventCountry "GER"]
[SourceTitle "EXT 2021"]
[Source "ChessBase"]
[SourceDate "2020.10.23"]
[SourceVersion "1"]
[SourceVersionDate "2020.10.23"]
[SourceQuality "1"]

1. d4 Nf6 2. Nc3 d5 3. Bf4 a6 4. e3 e6 5. Bd3 c5 6. Nf3 Nc6 7. 0-0 cxd4 8. exd4 Bd6 9. Qd2 Qc7 10. Bxd6 Qxd6 11. Rfe1 0-0 12. a3 b5 13. Qg5 Ne7 14. Ne5 Nf5 15. Ng4 Nxg4 16. Qxg4 Ne7 17. Re3 f5 18. Qh5 Bd7 19. Rh3 h6 20. Rg3 Rf6 21. Ne2 Raf8 22. h4 Be8 23. Qf3 f4 24. Rh3 Nf5 25. c3 Ne7 26. Bc2 Bg6 27. Bxg6 Nxg6 28. h5 Ne7 29. Re1 Qc7 30. Nc1 Qc4 31. Nd3 Nc6 32. Rh4 a5 33. Rxf4 b4 34. axb4 axb4 35. Rxe6 Rxf4 36. Nxf4 Nxd4 37. cxd4 Qc1+ 38. Kh2 Qxf4+ 39. Qg3 Qxf2 40. Qxf2 Rxf2 41. Re5 1/2-1/2

[Event "Niedersachsen-ch op-B"]
[Site "Verden"]
[Date "2016.01.05"]
[Round "5"]
[White "Balazs, Kata"]
[Black "Bargsten, Justus"]
[Result "0-1"]
[WhiteElo "1695"]
[BlackElo "1527"]
[PlyCount "131"]
[EventDate "2016.01.03"]
[EventType "swiss"]
[EventRounds "7"]
[EventCountry "GER"]
[SourceTitle "EXT 2018"]
[Source "ChessBase"]
[SourceDate "2017.10.13"]
[SourceVersion "1"]
[SourceVersionDate "2017.10.13"]
[SourceQuality "1"]

1. d4 Nf6 2. c4 g6 3. Nc3 Bg7 4. Nf3 0-0 5. Bf4 d6 6. Qd2 Nbd7 7. Bh6 c5 8. Bxg7 Kxg7 9. e3 a6 10. Be2 Rb8 11. 0-0 Qa5 12. a4 Rd8 13. h3 cxd4 14. Nxd4 Nc5 15. Rab1 Qb4 16. Nc2 Qb3 17. Ra1 Qb6 18. Ra2 Nb3 19. Qd1 Bf5 20. Nd4 Nxd4 21. exd4 e5 22. d5 Rdc8 23. b3 Qb4 24. Nb1 Bxb1 25. Qxb1 Nd7 26. Rc1 Nc5 27. Rb2 f5 28. Qc2 a5 29. Qc3 Qxc3 30. Rxc3 Na6 31. g4 f4 32. f3 Nb4 33. h4 b6 34. Bd3 Nxd5 35. Rcc2 Ne3 36. Rd2 Rc5 37. Be4 Rd8 38. Rb1 Kf6 39. Kf2 Rc7 40. Rh1 Ke6 41. g5 d5 42. cxd5+ Nxd5 43. h5 Rcd7 44. hxg6 hxg6 45. Bxg6 Ne3 46. Rxd7 Rxd7 47. Ke2 Nf5 48. Rc1 Nd4+ 49. Kf2 Rg7 50. Be4 Rxg5 51. b4 axb4 52. Rc4 Kd6 53. Rxb4 Kc5 54. Rb1 Rh5 55. Rg1 Rh2+ 56. Kf1 Ra2 57. Rg5 Nc6 58. Bxc6 Kxc6 59. Rxe5 Rxa4 60. Ke2 Rd4 61. Re8 Kc5 62. Rc8+ Kb4 63. Re8 b5 64. Re7 Kc3 65. Re4 Rxe4+ 66. fxe4 0-1

[Event "Niedersachsen-ch op-B"]
[Site "Verden"]
[Date "2016.01.04"]
[Round "3"]
[White "Balazs, Kata"]
[Black "Schindehuette, Frank"]
[Result "1-0"]
[WhiteElo "1695"]
[BlackElo "1647"]
[PlyCount "101"]
[EventDate "2016.01.03"]
[EventType "swiss"]
[EventRounds "7"]
[EventCountry "GER"]
[SourceTitle "EXT 2018"]
[Source "ChessBase"]
[SourceDate "2017.10.13"]
[SourceVersion "1"]
[SourceVersionDate "2017.10.13"]
[SourceQuality "1"]

1. d4 c5 2. d5 Nf6 3. c4 Ne4 4. Qc2 Nd6 5. e4 g6 6. Nf3 Bg7 7. Bd3 0-0 8. 0-0 e5 9. Be3 b6 10. Qc1 f5 11. Nc3 f4 12. Bd2 Nf7 13. g3 g5 14. gxf4 gxf4 15. Kh1 d6 16. Rg1 Kh8 17. Bf1 Nh6 18. Bg2 Nd7 19. Bh3 Nf6 20. Bxc8 Qxc8 21. Qf1 Rg8 22. Ng5 Qd7 23. f3 Nf7 24. Ne6 Nd8 25. Nxd8 Raxd8 26. Be1 Rdf8 27. Bh4 Qf7 28. Bxf6 Bxf6 29. Qf2 h5 30. Rxg8+ Rxg8 31. Rg1 Rxg1+ 32. Qxg1 Be7 33. Qg2 Qf6 34. Qh3 Qg5 35. Nb5 a6 36. Na7 Kh7 37. a4 Bd8 38. Qd7+ Kh8 39. Qxd6 Qh4 40. Qg6 Bg5 41. Qe8+ Kh7 42. Qf7+ Kh8 43. Kg2 Qe1 44. Qxh5+ Bh6 45. Qxh6+ Kg8 46. Qg5+ Kh7 47. Kh3 Qf1+ 48. Qg2 Qxc4 49. Nc6 Qxa4 50. Nxe5 Qe8 51. Qg5 1-0

[Event "Bremen-ch op"]
[Site "Bremen"]
[Date "2015.03.31"]
[Round "5"]
[White "Balazs, Kata"]
[Black "Mulde, Ralf"]
[Result "0-1"]
[WhiteElo "1747"]
[BlackElo "2012"]
[PlyCount "30"]
[EventDate "2015.03.28"]
[EventType "swiss"]
[EventRounds "9"]
[EventCountry "GER"]
[SourceTitle "EXT 2018"]
[Source "ChessBase"]
[SourceDate "2017.10.13"]
[SourceVersion "1"]
[SourceVersionDate "2017.10.13"]
[SourceQuality "1"]

1. d4 d5 2. c4 dxc4 3. e3 e5 4. dxe5 Qxd1+ 5. Kxd1 Nc6 6. Bxc4 Nxe5 7. Bb3 Nd3 8. Nh3 Bxh3 9. gxh3 Nxf2+ 10. Ke2 Nxh1 11. Bd5 0-0-0 12. Bxh1 Bd6 13. Nc3 Nf6 14. Bd2 c6 15. Bf3 Bxh2 0-1

[Event "Bremen-ch op"]
[Site "Bremen"]
[Date "2015.03.29"]
[Round "3"]
[White "Balazs, Kata"]
[Black "Seliskar, Henryk"]
[Result "1-0"]
[WhiteElo "1747"]
[BlackElo "1343"]
[PlyCount "49"]
[EventDate "2015.03.28"]
[EventType "swiss"]
[EventRounds "9"]
[EventCountry "GER"]
[SourceTitle "EXT 2018"]
[Source "ChessBase"]
[SourceDate "2017.10.13"]
[SourceVersion "1"]
[SourceVersionDate "2017.10.13"]
[SourceQuality "1"]

1. d4 Nf6 2. c4 e6 3. Nc3 Bb4 4. Bg5 h6 5. Bh4 0-0 6. Nf3 d6 7. e3 b6 8. Bd3 Nbd7 9. 0-0 Bxc3 10. bxc3 Bb7 11. Rb1 Qc8 12. a4 Re8 13. Rb2 c5 14. Nd2 Ba6 15. Qc2 g6 16. Bxg6 Kg7 17. Be4 Nxe4 18. Qxe4 Nf8 19. Qf4 Qd7 20. Qf6+ Kh7 21. f4 Ng6 22. Rf3 Rg8 23. Bg5 Rg7 24. Bxh6 Kxh6 25. Rh3# 1-0

[Event "Niedersachsen-ch op-B"]
[Site "Verden"]
[Date "2014.01.04"]
[Round "6"]
[White "Balazs, Kata"]
[Black "Schiller, Jan Hendrik"]
[Result "0-1"]
[WhiteElo "1555"]
[BlackElo "1515"]
[PlyCount "78"]
[EventDate "2014.01.02"]
[EventType "swiss"]
[EventRounds "7"]
[EventCountry "GER"]
[SourceTitle "EXT 2016"]
[Source "ChessBase"]
[SourceDate "2015.10.08"]
[SourceVersion "1"]
[SourceVersionDate "2015.10.08"]
[SourceQuality "1"]

1. d4 Nf6 2. c4 g6 3. Nc3 Bg7 4. Nf3 d6 5. e3 0-0 6. Be2 Nbd7 7. 0-0 c5 8. Qc2 Re8 9. Rd1 cxd4 10. exd4 e6 11. Bg5 Qb6 12. d5 e5 13. Nb5 Ng4 14. Bf1 a6 15. Nc3 h6 16. h3 hxg5 17. hxg4 Bh6 18. Ne4 f5 19. gxf5 gxf5 20. Ng3 e4 21. Nxf5 Bf8 22. Nxg5 Nc5 23. Ng3 Bd7 24. N3xe4 Nxe4 25. Nxe4 Bg7 26. Rab1 Re5 27. b3 Rf8 28. c5 Qd8 29. Nxd6 Qh4 30. f3 Rh5 31. Qc4 Rf4 32. Ne4 Bb5 33. Qc2 Rxf3 34. gxf3 Qh1+ 35. Kf2 Rh2+ 36. Ke3 Qg1+ 37. Nf2 Qg5+ 38. f4 Qg3+ 39. Ke4 Rxf2 0-1

[Event "Niedersachsen-ch op-C"]
[Site "Verden"]
[Date "2013.01.06"]
[Round "7"]
[White "Bielstein, Bernd"]
[Black "Balazs, Kata"]
[Result "1-0"]
[WhiteElo "1674"]
[BlackElo "1514"]
[PlyCount "41"]
[EventDate "2013.01.03"]
[EventType "swiss"]
[EventRounds "7"]
[EventCountry "GER"]
[SourceTitle "EXT 2021"]
[Source "ChessBase"]
[SourceDate "2020.10.23"]
[SourceVersion "1"]
[SourceVersionDate "2020.10.23"]
[SourceQuality "1"]

1. e4 d5 2. exd5 Qxd5 3. Nc3 Qa5 4. d4 Nf6 5. Nf3 Bg4 6. h3 Bxf3 7. Qxf3 c6 8. Bc4 e6 9. Bd2 Qb6 10. Qe3 Bd6 11. 0-0 0-0 12. Na4 Qc7 13. Nc5 Nd5 14. Qf3 Nd7 15. Ne4 N7b6 16. Bb3 Bh2+ 17. Kh1 Bf4 18. Ba5 Bd6 19. Nxd6 Qxd6 20. c4 Qf4 21. cxd5 1-0

[Event "Niedersachsen-ch op-C"]
[Site "Verden"]
[Date "2013.01.04"]
[Round "3"]
[White "Kienel, Michael"]
[Black "Balazs, Kata"]
[Result "1/2-1/2"]
[WhiteElo "1456"]
[BlackElo "1514"]
[PlyCount "58"]
[EventDate "2013.01.03"]
[EventType "swiss"]
[EventRounds "7"]
[EventCountry "GER"]
[SourceTitle "EXT 2021"]
[Source "ChessBase"]
[SourceDate "2020.10.23"]
[SourceVersion "1"]
[SourceVersionDate "2020.10.23"]
[SourceQuality "1"]

1. e4 d5 2. exd5 Qxd5 3. Nc3 Qa5 4. b4 Qb6 5. Nf3 Nf6 6. a3 Bg4 7. Be2 g6 8. h3 Be6 9. d4 Bg7 10. Be3 Nd5 11. Nxd5 Bxd5 12. c4 Bxf3 13. Bxf3 c6 14. Qd2 0-0 15. 0-0 Qc7 16. Rad1 Rd8 17. Rfe1 Nd7 18. Bh6 Nb6 19. Bxg7 Kxg7 20. Qc3 Kg8 21. Re4 Rd7 22. Rh4 Rad8 23. Qe3 f5 24. Qe6+ Kg7 25. c5 Nd5 26. Bxd5 Rxd5 27. Qe3 Kg8 28. Qe6+ Kg7 29. Qe3 Kg8 1/2-1/2

[Event "Niedersachsen-ch op-C"]
[Site "Verden"]
[Date "2013.01.03"]
[Round "1"]
[White "Kueck, Artur"]
[Black "Balazs, Kata"]
[Result "0-1"]
[WhiteElo "1163"]
[BlackElo "1514"]
[PlyCount "60"]
[EventDate "2013.01.03"]
[EventType "swiss"]
[EventRounds "7"]
[EventCountry "GER"]
[SourceTitle "EXT 2021"]
[Source "ChessBase"]
[SourceDate "2020.10.23"]
[SourceVersion "1"]
[SourceVersionDate "2020.10.23"]
[SourceQuality "1"]

1. e4 d5 2. exd5 Qxd5 3. Nc3 Qa5 4. b4 Qxb4 5. Rb1 Qd6 6. g3 Nc6 7. Bg2 Nf6 8. Nb5 Qd7 9. d3 a6 10. Nc3 e6 11. Bf4 Bc5 12. Nge2 0-0 13. 0-0 Rb8 14. Bg5 Ne8 15. Ne4 Ba7 16. N2c3 f6 17. Bd2 Nd6 18. Nxd6 cxd6 19. Bh3 Qf7 20. Ne4 Rd8 21. Re1 e5 22. Bxc8 Rbxc8 23. c4 Rd7 24. Kg2 d5 25. cxd5 Qxd5 26. Qb3 f5 27. Qxd5+ Rxd5 28. Nc3 Rxd3 29. Red1 Rcd8 30. Rb2 Rxc3 0-1

[Event "Niedersachsen-ch U18 Girls"]
[Site "Rotenburg"]
[Date "2012.04.04"]
[Round "8"]
[White "Baghdasaryan, Ani"]
[Black "Balazs, Kata"]
[Result "0-1"]
[WhiteElo "1353"]
[BlackElo "1261"]
[PlyCount "150"]
[EventDate "2012.03.31"]
[EventType "swiss"]
[EventRounds "9"]
[EventCountry "GER"]
[SourceTitle "EXT 2015"]
[Source "ChessBase"]
[SourceDate "2014.11.20"]
[SourceVersion "1"]
[SourceVersionDate "2014.11.20"]
[SourceQuality "1"]

1. c4 c5 2. g3 Nc6 3. Bg2 g6 4. Nc3 Bg7 5. e3 Nf6 6. Nge2 0-0 7. 0-0 d6 8. d4 cxd4 9. exd4 e6 10. Bg5 Qa5 11. Bd2 Qc7 12. Nb5 Qd8 13. Bf4 Ne8 14. Rb1 Rb8 15. c5 e5 16. dxe5 dxe5 17. Qxd8 Nxd8 18. Bg5 Ne6 19. Be7 Bd7 20. Nd6 Nxd6 21. Bxd6 Bb5 22. Rfe1 Bd3 23. Rbd1 Bxe2 24. Rxe2 Rbd8 25. Bxb7 Nxc5 26. Red2 Nxb7 27. Bxf8 Rxf8 28. Rd7 Rb8 29. Rc1 e4 30. Rcc7 Nd8 31. b3 a5 32. Ra7 Nc6 33. Ra6 Rc8 34. Rd6 Nb4 35. Rxa5 Bf8 36. Rd4 Rc1+ 37. Kg2 Nc6 38. Raa4 Nxd4 39. Rxd4 Rc2 40. Rxe4 Rxa2 41. b4 Rb2 42. g4 Rxb4 43. Rxb4 Bxb4 44. f4 h6 45. Kg3 f5 46. h3 fxg4 47. hxg4 g5 48. Kf3 Kg7 49. Ke4 Kf6 50. f5 Ke7 51. Ke5 Bd6+ 52. Ke4 Bb8 53. Ke3 Kd6 54. Kd4 Bc7 55. Ke4 Bd8 56. Kd4 Be7 57. Ke4 Bf6 58. Kd3 Ke5 59. Ke3 Be7 60. Kf3 Bc5 61. Kg3 Ke4 62. Kg2 Kf4 63. Kh3 Bd6 64. f6 Bc5 65. f7 Bd6 66. Kh2 Kxg4+ 67. Kg2 h5 68. Kg1 h4 69. Kh1 Kf3 70. Kg1 g4 71. Kh1 g3 72. Kg1 h3 73. f8Q+ Bxf8 74. Kh1 g2+ 75. Kg1 Bc5+ 0-1

[Event "Niedersachsen-ch U18 Girls"]
[Site "Rotenburg"]
[Date "2012.04.04"]
[Round "6"]
[White "Balazs, Kata"]
[Black "Serruns, Jacqueline"]
[Result "1-0"]
[WhiteElo "1261"]
[BlackElo "958"]
[PlyCount "113"]
[EventDate "2012.03.31"]
[EventType "swiss"]
[EventRounds "9"]
[EventCountry "GER"]
[SourceTitle "EXT 2015"]
[Source "ChessBase"]
[SourceDate "2014.11.20"]
[SourceVersion "1"]
[SourceVersionDate "2014.11.20"]
[SourceQuality "1"]

1. d4 d5 2. c4 dxc4 3. e4 Nf6 4. Nc3 Nc6 5. Nf3 Bg4 6. d5 Ne5 7. Qa4+ Ned7 8. Nd4 e5 9. dxe6 fxe6 10. h3 Bh5 11. Nxe6 Qc8 12. Bxc4 Bf7 13. Bg5 c6 14. Nf4 Ne5 15. Bxf7+ Nxf7 16. Qd4 Nxg5 17. Qe5+ Be7 18. Qxg5 Rg8 19. Qg3 Bb4 20. Nfe2 Kf7 21. Qf4 Ke8 22. 0-0 Qe6 23. f3 Bc5+ 24. Kh1 Bd6 25. Qe3 g5 26. Rae1 Nh5 27. f4 g4 28. e5 Be7 29. hxg4 Qxg4 30. Rg1 Bh4 31. Rd1 Bg3 32. Rge1 Bxe1 33. Qf3 Ng3+ 34. Nxg3 Bxg3 35. Ne4 Qh4+ 36. Kg1 Qh2+ 37. Kf1 Ke7 38. Qa3+ Ke6 39. Nc5+ Kf5 40. Qd3+ Kxf4 41. Qe4+ Kg5 42. Ne6+ Kh5 43. Qxh7+ Kg4 44. Rd4+ Bf4 45. Rxf4+ Qxf4+ 46. Nxf4 Kxf4 47. e6 Rae8 48. Qc7+ Kg4 49. e7 Rh8 50. Kf2 Kg5 51. Qd6 Kh5 52. Kf3 Rhg8 53. g4+ Rxg4 54. Qe5+ Rg5 55. Qh2+ Kg6 56. Qc2+ Rf5+ 57. Kg4 1-0

[Event "Niedersachsen-ch U18 Girls"]
[Site "Rotenburg"]
[Date "2012.03.31"]
[Round "1"]
[White "Balazs, Kata"]
[Black "Boschen, Katharina"]
[Result "1-0"]
[WhiteElo "1261"]
[BlackElo "859"]
[PlyCount "101"]
[EventDate "2012.03.31"]
[EventType "swiss"]
[EventRounds "9"]
[EventCountry "GER"]
[SourceTitle "EXT 2015"]
[Source "ChessBase"]
[SourceDate "2014.11.20"]
[SourceVersion "1"]
[SourceVersionDate "2014.11.20"]
[SourceQuality "1"]

1. d4 g6 2. e4 Bg7 3. Bf4 Nc6 4. Nf3 d6 5. Bb5 Bd7 6. c3 e5 7. Bxc6 exf4 8. Bxd7+ Qxd7 9. Nbd2 0-0-0 10. Nc4 f5 11. exf5 Qxf5 12. Qb3 Nf6 13. 0-0-0 d5 14. Na5 b6 15. Nc6 Rd6 16. Ne7+ Kd8 17. Nxf5 gxf5 18. Qa4 Ne4 19. Rhf1 a5 20. Nd2 Nxd2 21. Rxd2 Bh6 22. f3 Re6 23. Rff2 Re1+ 24. Rd1 Rxd1+ 25. Kxd1 Bg5 26. Re2 Kc8 27. Re8+ Rxe8 28. Qxe8+ Bd8 29. Qh8 c5 30. dxc5 bxc5 31. Qxh7 d4 32. cxd4 cxd4 33. Qxf5+ Kb7 34. Qxf4 Bb6 35. h4 a4 36. h5 d3 37. Qe4+ Ka6 38. Qxd3+ Ka5 39. h6 Bc7 40. h7 Be5 41. Qf5 Kb4 42. Qxe5 a3 43. Qd6+ Kb5 44. Qxa3 Kc6 45. h8R Kd5 46. Qb4 Ke5 47. Rh5+ Kf6 48. Qd6+ Kg7 49. Ra5 Kh7 50. Ra7+ Kg8 51. Qd8# 1-0